Afrikas 15 größte Länder - Statistiken

Allgemein
  • Dieses Quiz wurde 114 mal gespielt
  • Das Durchschnittsergebnis liegt bei 14 aus 15
Antwortstatistiken
Hint Antwort % Korrekt
1 Algerien
98%
9 Südafrika
97%
2 Demokratische Republik Kongo
96%
6 Niger
96%
3 Sudan
96%
8 Mali
95%
12 Ägypten
93%
10 Äthiopien
92%
14 Nigeria
92%
5 Tschad
92%
4 Libyen
88%
15 Namibia
88%
7 Angola
86%
13 Tansania
85%
11 Mauretanien
83%
Keine übereinstimmenden Quizze gefunden
Verteilung der Resultate
Anzahl Personen mit jedem Resultat
Perzentil nach korrekt beantworteten Fragen
Ihre Resultats-Entwicklung
Sie haben dieses Quiz noch nicht gespielt